[Event "HUN-chT2 Barcza 1112 "]
[Site "Hungary"]
[Date "2012.03.25"]
[Round "8"]
[White "Gal, Jozsef Istvan"]
[Black "Szabo, Balazs"]
[Result "1/2-1/2"]
[WhiteElo "2335"]
[BlackElo "2257"]
[PlyCount "47"]
[EventDate "2011.09.25"]
[EventType "team-tourn"]
[EventRounds "11"]
[EventCountry "HUN"]
[SourceTitle "EXT 2013"]
[Source "ChessBase"]
[SourceDate "2012.11.22"]
[SourceVersion "1"]
[SourceVersionDate "2012.11.22"]
[SourceQuality "1"]
[WhiteTeam "Hajduboszormeny"]
[BlackTeam "DEAC"]
[WhiteTeamCountry "HUN"]
[BlackTeamCountry "HUN"]

1. e4 c5 2. Nf3 Nc6 3. c4 g6 4. d4 cxd4 5. Nxd4 Bg7 6. Be3 d6 7. Qd2 Nf6 8. f3 0-0 9. Nc3 Bd7 10. Be2 Nxd4 11. Bxd4 Bc6 12. 0-0 Nd7 13. Rad1 a5 14. b3 Nc5 15. Kh1 Qb6 16. Bxg7 Kxg7 17. Nd5 Bxd5 18. exd5 Qb4 19. Rfe1 Qxd2 20. Rxd2 Rfc8 21. Bd1 Rc7 22. Re3 Ra6 23. Kg1 Rb6 24. a3 1/2-1/2

[Event "HUN-chT2 Barcza 1112 "]
[Site "Hungary"]
[Date "2012.03.11"]
[Round "7"]
[White "Kiss, Sandor1111"]
[Black "Gal, Jozsef Istvan"]
[Result "0-1"]
[WhiteElo "2113"]
[BlackElo "2335"]
[PlyCount "42"]
[EventDate "2011.09.25"]
[EventType "team-tourn"]
[EventRounds "11"]
[EventCountry "HUN"]
[SourceTitle "EXT 2013"]
[Source "ChessBase"]
[SourceDate "2012.11.22"]
[SourceVersion "1"]
[SourceVersionDate "2012.11.22"]
[SourceQuality "1"]
[WhiteTeam "Tiszavasvar"]
[BlackTeam "Hajduboszormeny"]
[WhiteTeamCountry "HUN"]
[BlackTeamCountry "HUN"]

1. d4 Nf6 2. c4 c5 3. d5 b5 4. Bg5 Qb6 5. Bxf6 exf6 6. e4 bxc4 7. Qd2 Ba6 8. Na3 c3 9. Qxc3 c4 10. 0-0-0 Bxa3 11. Qxa3 d6 12. Nf3 0-0 13. Nd4 Nd7 14. f3 Rfe8 15. Kb1 Rac8 16. Nf5 Rc5 17. Rc1 g6 18. Nd4 f5 19. Nb3 cxb3 20. Bxa6 bxa2+ 21. Qxa2 Ra5 0-1

[Event "HUN-chT2 Barcza 1112 "]
[Site "Hungary"]
[Date "2012.02.19"]
[Round "6"]
[White "Gal, Jozsef Istvan"]
[Black "Gal, Tamas"]
[Result "1-0"]
[WhiteElo "2335"]
[BlackElo "2108"]
[PlyCount "69"]
[EventDate "2011.09.25"]
[EventType "team-tourn"]
[EventRounds "11"]
[EventCountry "HUN"]
[SourceTitle "EXT 2013"]
[Source "ChessBase"]
[SourceDate "2012.11.22"]
[SourceVersion "1"]
[SourceVersionDate "2012.11.22"]
[SourceQuality "1"]
[WhiteTeam "Hajduboszormeny"]
[BlackTeam "Piremon"]
[WhiteTeamCountry "HUN"]
[BlackTeamCountry "HUN"]

1. e4 c6 2. d4 d5 3. e5 g6 4. c4 Bg7 5. Nc3 Be6 6. Qb3 Qb6 7. c5 Qc7 8. Bf4 Nd7 9. Nf3 h6 10. Bd3 Rb8 11. 0-0 Bf5 12. Bxf5 gxf5 13. Qa4 e6 14. Qxa7 Ne7 15. b4 0-0 16. Qa3 Ng6 17. Qc1 Nxf4 18. Qxf4 f6 19. Rfe1 fxe5 20. Nxe5 Nxe5 21. dxe5 b6 22. cxb6 Qxb6 23. a3 Qa7 24. Ne2 c5 25. bxc5 Qxc5 26. Qd4 Rfc8 27. Qxc5 Rxc5 28. Nd4 Kf7 29. f4 Bf8 30. Rab1 Rcc8 31. Rxb8 Rxb8 32. Rc1 Bxa3 33. Rc7+ Be7 34. Rxe7+ Kxe7 35. Nc6+ 1-0

[Event "HUN-chT2 Barcza 1112 "]
[Site "Hungary"]
[Date "2011.11.13"]
[Round "3"]
[White "Gal, Jozsef Istvan"]
[Black "Braun, Marton"]
[Result "1-0"]
[WhiteElo "2335"]
[BlackElo "2284"]
[PlyCount "67"]
[EventDate "2011.09.25"]
[EventType "team-tourn"]
[EventRounds "11"]
[EventCountry "HUN"]
[SourceTitle "EXT 2013"]
[Source "ChessBase"]
[SourceDate "2012.11.22"]
[SourceVersion "1"]
[SourceVersionDate "2012.11.22"]
[SourceQuality "1"]
[WhiteTeam "Hajduboszormeny"]
[BlackTeam "Debrecen Sakkbaratok"]
[WhiteTeamCountry "HUN"]
[BlackTeamCountry "HUN"]

1. e4 Nf6 2. e5 Nd5 3. c4 Nb6 4. d4 d6 5. f4 g6 6. Nc3 Bg7 7. Be3 0-0 8. c5 N6d7 9. Nf3 b6 10. Bc4 bxc5 11. e6 Nb6 12. exf7+ Kh8 13. Bb3 c4 14. Bc2 Bg4 15. h3 Bxf3 16. Qxf3 e6 17. h4 Rxf7 18. h5 g5 19. h6 Bf8 20. Qh5 Rxf4 21. Bxf4 gxf4 22. 0-0-0 N8d7 23. Qf7 Qe7 24. Qxf4 Qf6 25. Qe3 d5 26. Rdf1 Qe7 27. Rf3 e5 28. Rhf1 e4 29. Rf5 Qe6 30. Kb1 c6 31. Qh3 Qd6 32. Rf7 Re8 33. Qf5 Qg6 34. Rxf8+ 1-0

[Event "HUN-chT2 Barcza 1112 "]
[Site "Hungary"]
[Date "2011.09.25"]
[Round "1"]
[White "Gal, Jozsef Istvan"]
[Black "Eberth, Zoltan"]
[Result "1-0"]
[WhiteElo "2335"]
[BlackElo "2249"]
[PlyCount "103"]
[EventDate "2011.09.25"]
[EventType "team-tourn"]
[EventRounds "11"]
[EventCountry "HUN"]
[SourceTitle "EXT 2013"]
[Source "ChessBase"]
[SourceDate "2012.11.22"]
[SourceVersion "1"]
[SourceVersionDate "2012.11.22"]
[SourceQuality "1"]
[WhiteTeam "Hajduboszormeny"]
[BlackTeam "Mezokovesd"]
[WhiteTeamCountry "HUN"]
[BlackTeamCountry "HUN"]

1. d4 f5 2. Nf3 Nf6 3. c4 d6 4. g3 g6 5. Bg2 Bg7 6. 0-0 0-0 7. Nc3 Qe8 8. Re1 Qf7 9. Qb3 Ne4 10. Be3 h6 11. Nxe4 fxe4 12. Nd2 Nc6 13. Qc3 e5 14. d5 Nd4 15. Nxe4 Bg4 16. Qd3 g5 17. Nc3 Qh5 18. Be4 Qh3 19. f3 Bd7 20. Nd1 Be8 21. Nf2 Qh5 22. Rac1 b6 23. b3 Qf7 24. g4 Bf6 25. h4 gxh4 26. Bxh6 Bg7 27. Bd2 a5 28. Nh3 Qe7 29. Kg2 Bd7 30. Bg5 Bf6 31. Qd2 Rf7 32. Bh6 Bg7 33. Qg5 Qxg5 34. Bxg5 a4 35. b4 Raf8 36. Ng1 a3 37. Bg6 h3+ 38. Nxh3 Rxf3 39. exf3 Nxf3 40. Rf1 Bxg4 41. Be7 Bxh3+ 42. Kxh3 Rf4 43. Bh5 e4 44. Bxf3 exf3 45. Bg5 Rf7 46. Rcd1 Bc3 47. Rd3 Bxb4 48. Rdxf3 Rg7 49. Kg4 Bd2 50. Rf8+ Kh7 51. Rh1+ Kg6 52. Rf6# 1-0

[Event "HUN-chT2 Barcza 1011"]
[Site "Hungary"]
[Date "2011.05.01"]
[Round "10.1"]
[White "Paszerbovics, Sandor"]
[Black "Gal, Jozsef Istvan"]
[Result "1/2-1/2"]
[WhiteElo "2024"]
[BlackElo "2367"]
[PlyCount "104"]
[EventDate "2010.09.12"]
[EventType "team-tourn"]
[EventRounds "11"]
[EventCountry "HUN"]
[SourceTitle "EXT 2012"]
[Source "ChessBase"]
[SourceDate "2011.11.24"]
[SourceVersion "1"]
[SourceVersionDate "2011.11.24"]
[SourceQuality "1"]
[WhiteTeam "Balkany"]
[BlackTeam "Hajduboszormeny"]
[WhiteTeamCountry "HUN"]
[BlackTeamCountry "HUN"]

1. e4 c5 2. Nf3 Nc6 3. d4 cxd4 4. Nxd4 d5 5. Nxc6 bxc6 6. exd5 Qxd5 7. Qxd5 cxd5 8. Bb5+ Bd7 9. Bxd7+ Kxd7 10. 0-0 Rc8 11. c3 e6 12. Be3 Bc5 13. Bxc5 Rxc5 14. Nd2 Ne7 15. Rfd1 Rb8 16. Rab1 e5 17. c4 d4 18. b4 Rc6 19. a4 Ke6 20. b5 Rc5 21. Rbc1 Rbc8 22. Re1 f5 23. f3 Kf6 24. g4 g6 25. a5 Kg5 26. Kf2 Kf4 27. h3 h5 28. Rb1 hxg4 29. hxg4 Ng8 30. gxf5 gxf5 31. Rh1 Nf6 32. Rbg1 e4 33. Rh4+ Ng4+ 34. fxg4 e3+ 35. Ke2 exd2 36. gxf5+ Ke5 37. Rd1 Rxc4 38. Rh5 d3+ 39. Kxd2 Re4 40. Re1 Rxe1 41. Kxe1 Kd4 42. f6 Rc1+ 43. Kd2 Rc2+ 44. Kd1 Rf2 45. Rh7 Kc3 46. Rc7+ Kb4 47. b6 axb6 48. axb6 Rxf6 49. b7 Rb6 50. Rc1 Ka3 51. Rc7 Kb4 52. Kc1 Ka3 1/2-1/2

[Event "HUN-chT2 Barcza 1011"]
[Site "Hungary"]
[Date "2011.04.17"]
[Round "9.1"]
[White "Gal, Jozsef Istvan"]
[Black "Heindrich, Janos"]
[Result "1-0"]
[WhiteElo "2367"]
[BlackElo "2126"]
[PlyCount "63"]
[EventDate "2010.09.12"]
[EventType "team-tourn"]
[EventRounds "11"]
[EventCountry "HUN"]
[SourceTitle "EXT 2012"]
[Source "ChessBase"]
[SourceDate "2011.11.24"]
[SourceVersion "1"]
[SourceVersionDate "2011.11.24"]
[SourceQuality "1"]
[WhiteTeam "Hajduboszormeny"]
[BlackTeam "Kazincbarcika"]
[WhiteTeamCountry "HUN"]
[BlackTeamCountry "HUN"]

1. e4 c5 2. Nf3 d6 3. c4 e5 4. g3 f5 5. d3 Nf6 6. Nc3 Be7 7. Bg2 Nc6 8. 0-0 0-0 9. h3 Rb8 10. a3 Nd4 11. b4 fxe4 12. Nxd4 cxd4 13. Nxe4 Bf5 14. Ng5 h6 15. Nf3 b5 16. c5 Qc7 17. Re1 Rfe8 18. Qb3+ Kh8 19. Nh4 Bh7 20. f4 Nd7 21. c6 Nf8 22. Qf7 Bg8 23. Qh5 Bxh4 24. Qxh4 Ng6 25. Qg4 Bf7 26. f5 Nf8 27. f6 g5 28. h4 Be6 29. Qh5 gxh4 30. Bxh6 Nh7 31. Bg7+ Kg8 32. Be4 1-0